| 000 | 00586pab a2200181 454500 | ||
|---|---|---|---|
| 008 | 180718b2005 xxu||||| |||| 00| 0 eng d | ||
| 100 | _aGrundy, Emil | ||
| 245 | _aReciprocity in relationships: socio-economic and health influences on intergenerational exchanges between third age pare nts and their adult children in Great Britain | ||
| 260 | _c2005 | ||
| 300 | _ap.233-55. | ||
| 362 | _aJun | ||
| 650 | _aFamily - Great Britain | ||
| 650 | _aAgeing - Great Britain | ||
| 650 | _aAgeing | ||
| 650 | _aHealth services | ||
| 773 | _aBritish Journal of Sociology | ||
| 909 | _a66178 | ||
| 999 |
_c66178 _d66178 |
||